000 00894nam a22002897a 4500
003 CHAP
005 20220329140539.0
008 971013s1955 r 00010 d
010 _a53703
011 _a54675
035 _a58826
040 _cCHAP
090 _aFolleto 1811
100 0 0 _aWhitcomb, W. H.
_9121670
245 _aPlagas del tabaco en Venezuela
260 _aCagua, Venezuela :
_bCía Shell de Venezuela,
_c1955
300 _a31 p.
_b: ilus.
490 _aServicio Shell para el agricultor. Informe
_v; 3
590 _aBATCH-UPD
_b10
_c20130110
_lUCH01
_h0427
590 _aBATCH-UPD
_b10
_c20130110
_lUCH01
_h2357
590 _aCONVERSION
_b10
_c20130109
_lUCH01
_h1329
650 1 4 _aTabaco
_xPlagas.
_9111234
830 0 _aServicio Shell para el agricultor. Informe
_v; 3
_9105313
901 _aBK
942 _cFOLL
949 _aFolleto 1811
_bBC
_cFOLL
_d-127485
_eTS1
_i58826
_si
999 _c53703
_d53703